Las negociaciones entre gobierno y FMI: hacia donde nos lleva el Fondo Monetario Internacional?

Guardat en:
Dades bibliogràfiques
Format: Text
Etiquetes: Afegir etiqueta
Sense etiquetes, Sigues el primer a etiquetar aquest registre!

MARC

LEADER 00000 a a2200000 04500
001 1330
003
040
245 |a Las negociaciones entre gobierno y FMI:   |b hacia donde nos lleva el Fondo Monetario Internacional?  
773 |g número 3; páginas 7-8  
999 |c 38601  |d 38601